Datum a čas kvízu
37.5
Celkem bodů
Celkový počet nahraných bodů na tomto kvízu bez doplňovacích otázek.
3.
Pořadí na kvízu
Konečné umístění týmu na tomto kvízu.
Zaznamenané odpovědi
| # | Otázka | Odpověď | Body | Výsledky |
|---|---|---|---|---|
| 1. | Z baziliky v Jablonném v Podje... | C | 1 | |
| 2. | Italská vesnice Punta Marina č... | pávy | 0 | |
| 3. | Komu bude věnován letošní ročn... | Václavu Havlovi | 1 | |
| 4. | Ministr spravedlnosti Jeroným... | B) 3 lety | 1 | |
| 5. | Minulý týden bylo oznámeno, pr... | o Kosovo | 0 | |
| 6. | Vítězné téma facebookového hla... | 36 týmů | 0 | |
| 7. | Ve kterých třech jazycích je s... | angličtina, francouzština, němčina | 0.5 | |
| 8. | Pokud budeme počítat i předchů... | C | 1 | |
| 9. | K památnému finále došlo v roc... | Vladimír Šmicer, Milan Baroš | 1 | |
| 10. | Historicky nejlepšími střelci... | Karim Benzema | 1 |